Music Quiz

Random Music or Bands Quiz
Score 0/34 Timer 10:00
1 Play Today
% Correct
Nirvana
97%
Coldplay
95.5%
Green Day
94%
U2
93.2%
Mumford and Sons
91%
The White Stripes
90.2%
The Killers
89.7%
Red Hot Chili Peppers
80.6%
Muse
79.9%
Pearl Jam
75.9%
Yeah Yeah Yeahs
71.4%
Foster the People
68.6%
Smashing Pumpkins
67.1%
Weezer
66%
Vampire Weekend
64.7%
Kings of Leon
63.7%
The Black Keys
59.8%
% Correct
Franz Ferdinand
55.3%
Death Cab for Cutie
51.1%
Kaiser Chiefs
45.5%
Snow Patrol
43.6%
Of Monsters and Men
40.6%
Metric
39.3%
Modest Mouse
36.3%
The Shins
35.9%
Imagine Dragons
33.5%
Keane
32.9%
Phoenix
32.5%
Passion Pit
26.9%
Cage the Elephant
25%
WALK THE MOON
17.7%
Grouplove
16.9%
AWOLNATION
16.5%
Cold War Kids
12.2%

You're not logged in!

Compare scores with friends on all Sporcle quizzes.
OR
Log In

Sporcle TV

Today on Sporcle TV


Watch our educational content, quiz creation guides, and fun videos on Sporcle TV.

Show Comments

Extras

Top Quizzes Today


Score Distribution

Paid Content

Your Account Isn't Verified!

In order to create a playlist on Sporcle, you need to verify the email address you used during registration. Go to your Sporcle Settings to finish the process.

Report this User

Report this user for behavior that violates our Community Guidelines.

Details: